[Event "IECG CB.2007.0.00175 email"]
[Site "IECG email"]
[Date "2007.11.04"]
[Round "?"]
[White "Laczay, Istvan"]
[Black "Zhitnikov, Andrew"]
[Result "1/2-1/2"]
[WhiteElo "1838"]
[BlackElo "1998"]
[PlyCount "66"]
[EventDate "2007.11.04"]
[EventType "tourn (corr)"]
[EventRounds "6"]
[SourceTitle "Corr 2024"]
[Source "ChessBase"]
[SourceDate "2023.10.19"]
[SourceVersion "1"]
[SourceVersionDate "2023.10.19"]
[SourceQuality "1"]

1. d4 Nf6 2. c4 g6 3. g3 Bg7 4. Bg2 0-0 5. Nc3 d6 6. Nf3 Nbd7 7. 0-0 e5 8. e4 c6 9. b3 exd4 10. Nxd4 Re8 11. h3 Nc5 12. Re1 a5 13. Rb1 h6 14. Kh2 Bd7 15. a3 Bc8 16. b4 Ne6 17. Be3 axb4 18. axb4 Nxd4 19. Bxd4 Be6 20. Qd3 c5 21. Bxf6 Qxf6 22. e5 Qf5 23. Qxd6 Bxc4 24. Rbc1 Bxe5 25. Qxc5 Rac8 26. Qe3 b5 27. Ne4 Kh7 28. f4 Bg7 29. Qf2 Red8 30. Rcd1 Rxd1 31. Rxd1 Bb3 32. Rd2 Rc1 33. g4 Qc8 1/2-1/2

[Event "IECG CB.2007.0.00175 email"]
[Site "IECG email"]
[Date "2007.11.04"]
[Round "?"]
[White "Zhitnikov, Andrew"]
[Black "Lorenzo, Alfredo"]
[Result "1/2-1/2"]
[WhiteElo "1998"]
[BlackElo "1820"]
[PlyCount "62"]
[EventDate "2007.11.04"]
[EventType "tourn (corr)"]
[EventRounds "6"]
[SourceTitle "Corr 2024"]
[Source "ChessBase"]
[SourceDate "2023.10.19"]
[SourceVersion "1"]
[SourceVersionDate "2023.10.19"]
[SourceQuality "1"]

1. e4 d6 2. d4 Nf6 3. Nc3 g6 4. f4 Bg7 5. Nf3 0-0 6. Bd3 Na6 7. 0-0 c5 8. d5 Bg4 9. Bc4 Nc7 10. h3 Bxf3 11. Qxf3 a6 12. a4 b6 13. Be3 Rb8 14. Bf2 b5 15. axb5 axb5 16. Bd3 e6 17. Bh4 Qd7 18. Ra7 c4 19. Be2 Ra8 20. dxe6 fxe6 21. Rxa8 Rxa8 22. b3 cxb3 23. cxb3 Qc6 24. Bxf6 Bxf6 25. e5 Qb6+ 26. Kh1 dxe5 27. Nxb5 Nd5 28. Nc3 Rd8 29. Ne4 Be7 30. fxe5 Rf8 31. Qd3 Rxf1+ 1/2-1/2

[Event "IECG WC.2005.F.00007 email"]
[Site "IECG email"]
[Date "2006.06.05"]
[Round "?"]
[White "Zhitnikov, Andrew"]
[Black "Dimitrijeski, Boris"]
[Result "0-1"]
[WhiteElo "2022"]
[BlackElo "2088"]
[PlyCount "72"]
[EventDate "2006.06.05"]
[EventType "tourn (corr)"]
[EventRounds "14"]
[SourceTitle "Corr 2008"]
[Source "ChessBase"]
[SourceDate "2008.06.24"]
[SourceVersion "1"]
[SourceVersionDate "2008.06.24"]
[SourceQuality "1"]

1. d4 Nf6 2. c4 e6 3. Nc3 Bb4 4. Qc2 d5 5. a3 Bxc3+ 6. Qxc3 Ne4 7. Qc2 c5 8. dxc5 Nc6 9. Nf3 Qa5+ 10. Nd2 Nd4 11. Qd3 e5 12. b4 Qa4 13. Ra2 Bf5 14. cxd5 Nxc5 15. Qc3 Ncb3 16. Nxb3 Qxb3 17. Qxb3 Nxb3 18. Bg5 f6 19. Bh4 Be4 20. f3 Bxd5 21. e4 Be6 22. Rc2 Kd7 23. Bf2 Rhc8 24. Rxc8 Rxc8 25. Bxa7 Rc1+ 26. Kf2 Kc7 27. Be3 Ra1 28. Rg1 Nd4 29. Bd3 Ra2+ 30. Kg3 Rxa3 31. Rd1 Rb3 32. b5 Bd7 33. h4 Bxb5 34. Bxb5 Rxb5 35. Rxd4 exd4 36. Bxd4 Kd6 0-1

[Event "IECG WC.2005.F.00007 email"]
[Site "IECG email"]
[Date "2006.06.05"]
[Round "?"]
[White "Zhitnikov, Andrew"]
[Black "Migliorini, Roberto"]
[Result "0-1"]
[WhiteElo "2022"]
[BlackElo "2049"]
[PlyCount "82"]
[EventDate "2006.06.05"]
[EventType "tourn (corr)"]
[EventRounds "14"]
[SourceTitle "Corr 2008"]
[Source "ChessBase"]
[SourceDate "2008.06.24"]
[SourceVersion "1"]
[SourceVersionDate "2008.06.24"]
[SourceQuality "1"]

1. e4 c5 2. Nf3 d6 3. d4 cxd4 4. Nxd4 Nf6 5. Nc3 a6 6. Be2 g6 7. a4 Bg7 8. 0-0 0-0 9. f4 Qc7 10. Be3 Nc6 11. Nb3 Na5 12. Nxa5 Qxa5 13. Qd2 Bg4 14. Bd3 Bd7 15. h3 Bc6 16. Rfb1 Nd7 17. b4 Qc7 18. Ra3 Nf6 19. Qf2 Qd7 20. Bd4 Rfe8 21. Rba1 e5 22. fxe5 dxe5 23. Bc5 Qe6 24. b5 Bd7 25. Rb3 Red8 26. Rbb1 Rdc8 27. Rf1 b6 28. Bb4 a5 29. Nd5 Nxd5 30. exd5 Qxd5 31. Rad1 Be6 32. Bf5 Qc4 33. Bxe6 Qxe6 34. Bd6 e4 35. Qxb6 Rxc2 36. Rc1 Qd5 37. Rcd1 Qg5 38. Rf2 Rxf2 39. Qxf2 Rd8 40. Qc2 e3 41. Qe2 Rd7 0-1

[Event "IECG WC.2005.F.00007 email"]
[Site "IECG email"]
[Date "2006.06.05"]
[Round "?"]
[White "Zhitnikov, Andrew"]
[Black "Vorobiev, Alexandr Vladimirov"]
[Result "1-0"]
[WhiteElo "2022"]
[BlackElo "2044"]
[PlyCount "111"]
[EventDate "2006.06.05"]
[EventType "tourn (corr)"]
[EventRounds "14"]
[SourceTitle "Corr 2008"]
[Source "ChessBase"]
[SourceDate "2008.06.24"]
[SourceVersion "1"]
[SourceVersionDate "2008.06.24"]
[SourceQuality "1"]

1. d4 Nf6 2. c4 g6 3. Nc3 Bg7 4. e4 d6 5. Nf3 0-0 6. Be2 Na6 7. 0-0 e5 8. Be3 Ng4 9. Bg5 Qe8 10. dxe5 h6 11. Bd2 Nxe5 12. Nd4 Nd7 13. Be3 Ndc5 14. Bf3 Qe5 15. Qd2 g5 16. Rad1 Re8 17. h3 Bd7 18. Ndb5 Ne6 19. Nd4 Nxd4 20. Bxd4 Qxd4 21. Qxd4 Bxd4 22. Rxd4 Re5 23. a3 Nc5 24. b4 Ne6 25. Rdd1 a5 26. Nd5 Ba4 27. Rd2 Kg7 28. Ne3 Nf4 29. g3 Ng6 30. Nd5 Bc6 31. b5 Bxd5 32. cxd5 Re7 33. Rc1 Ne5 34. Be2 Rae8 35. f3 f5 36. exf5 Kf6 37. Rdc2 Nd7 38. Rxc7 Nc5 39. Rxe7 Rxe7 40. Kf2 Kxf5 41. Bc4 h5 42. Rc2 Rh7 43. Re2 h4 44. g4+ Kg6 45. Ba2 Rh8 46. Bb1+ Kf6 47. f4 gxf4 48. Kf3 Kg5 49. Re7 Nb3 50. Kf2 Nd4 51. Bd3 Rc8 52. Re4 Nc2 53. Re6 f3 54. Rxd6 Rc3 55. Rg6+ Kf4 56. Rf6+ 1-0

[Event "IECG WC.2005.F.00007 email"]
[Site "IECG email"]
[Date "2006.06.05"]
[Round "?"]
[White "Zhitnikov, Andrew"]
[Black "Zielinski, Sergej"]
[Result "1/2-1/2"]
[WhiteElo "2022"]
[BlackElo "2156"]
[PlyCount "57"]
[EventDate "2006.06.05"]
[EventType "tourn (corr)"]
[EventRounds "14"]
[SourceTitle "Corr 2008"]
[Source "ChessBase"]
[SourceDate "2008.06.24"]
[SourceVersion "1"]
[SourceVersionDate "2008.06.24"]
[SourceQuality "1"]

1. d4 d5 2. c4 e6 3. Nc3 Nf6 4. cxd5 exd5 5. Bg5 Be7 6. e3 0-0 7. Bd3 Nbd7 8. Nge2 c6 9. Qc2 Re8 10. 0-0 Nf8 11. f3 Ng6 12. Rad1 Be6 13. Kh1 Rc8 14. e4 dxe4 15. fxe4 Ng4 16. Bc1 Bg5 17. h3 Be3 18. d5 cxd5 19. Bb5 Nf2+ 20. Rxf2 Bxf2 21. Bxe8 Qxe8 22. exd5 Bd7 23. Nf4 Bc5 24. Qb3 b6 25. Bd2 Bf5 26. Re1 Qd8 27. Ne4 Bf8 28. Qf3 Qd7 29. Nf6+ 1/2-1/2

[Event "IECG CA.2006.0.00165 email"]
[Site "IECG email"]
[Date "2006.02.11"]
[Round "?"]
[White "Crawford, Gary T"]
[Black "Zhitnikov, Andrew"]
[Result "1-0"]
[WhiteElo "2088"]
[BlackElo "2050"]
[PlyCount "55"]
[EventDate "2006.02.11"]
[EventType "tourn (corr)"]
[EventRounds "6"]
[SourceTitle "Corr 2008"]
[Source "ChessBase"]
[SourceDate "2008.06.24"]
[SourceVersion "1"]
[SourceVersionDate "2008.06.24"]
[SourceQuality "1"]

1. b4 d5 2. Bb2 Bg4 3. h3 Bh5 4. c4 dxc4 5. g4 Bg6 6. Bg2 c6 7. Na3 Nf6 8. Nxc4 Nd5 9. a3 Nd7 10. h4 h5 11. g5 Nf4 12. Bf3 Qc7 13. Nh3 Nxh3 14. Rxh3 e5 15. Bg2 0-0-0 16. Rc1 Kb8 17. b5 c5 18. a4 Bf5 19. Ra3 f6 20. a5 e4 21. Qb3 Qf4 22. a6 Be6 23. Qe3 Qxh4 24. axb7 Qxg5 25. Qxg5 fxg5 26. Na5 Re8 27. Nc6+ Kxb7 28. Rxa7+ 1-0

[Event "IECG CA.2005.0.00153"]
[Site "IECG email"]
[Date "2005.06.26"]
[Round "?"]
[White "Pecotic, Kuzma"]
[Black "Zhitnikov, Andrew"]
[Result "1-0"]
[WhiteElo "2019"]
[BlackElo "2045"]
[PlyCount "117"]
[EventDate "2005.06.26"]
[EventType "tourn (corr)"]
[EventRounds "6"]
[SourceTitle "Corr 2008"]
[Source "ChessBase"]
[SourceDate "2008.06.24"]
[SourceVersion "1"]
[SourceVersionDate "2008.06.24"]
[SourceQuality "1"]

1. c4 c5 2. Nf3 Nf6 3. Nc3 e6 4. e4 d6 5. d4 cxd4 6. Nxd4 a6 7. Be2 Be7 8. 0-0 0-0 9. f4 Qc7 10. Be3 b6 11. f5 Bd7 12. Rc1 Qb7 13. fxe6 fxe6 14. Bg4 Qc8 15. Bf3 Ra7 16. b4 Nc6 17. Nxc6 Bxc6 18. Nb5 Rd7 19. Nd4 e5 20. Ne6 Re8 21. b5 Bxe4 22. Bxe4 Nxe4 23. Qg4 Bf6 24. Nxg7 Bxg7 25. Qxe4 Qb7 26. Qb1 axb5 27. Qxb5 d5 28. cxd5 Qxd5 29. Qxd5+ Rxd5 30. Bxb6 Bh6 31. Rc6 Bd2 32. g3 Ra8 33. Rc2 Ra6 34. Rf2 Bg5 35. Bc5 Kg7 36. Rfe2 Kf7 37. Bb4 Bd8 38. Kg2 Ba5 39. Ba3 Ke6 40. h3 Rd7 41. Bb2 Bc7 42. a3 Bd6 43. Rc4 Rc7 44. Rce4 Ra5 45. Rh4 Rf7 46. a4 Ra6 47. Bc3 Rc6 48. Be1 Rc1 49. Rh6+ Kd5 50. Rd2+ Kc4 51. Rh4+ Kb3 52. Re4 Rf6 53. a5 Ra1 54. Rd3+ Kc2 55. Rd5 Kb3 56. g4 h6 57. Rb5+ Kc2 58. Re3 Ra4 59. Rc3+ 1-0

[Event "IECG CA.2005.0.00153"]
[Site "IECG email"]
[Date "2005.??.??"]
[Round "?"]
[White "Zhitnikov, Andrew"]
[Black "Marczykoski, Paulo Roberto T"]
[Result "0-1"]
[WhiteElo "2045"]
[BlackElo "2102"]
[PlyCount "68"]
[EventDate "2005.06.26"]
[EventType "tourn (corr)"]
[EventRounds "6"]
[SourceTitle "Corr 2008"]
[Source "ChessBase"]
[SourceDate "2008.06.24"]
[SourceVersion "1"]
[SourceVersionDate "2008.06.24"]
[SourceQuality "1"]

1. e4 c5 2. Nf3 d6 3. d4 cxd4 4. Nxd4 Nf6 5. Nc3 a6 6. Bc4 e6 7. Bb3 b5 8. 0-0 Be7 9. Qf3 Qc7 10. Qg3 0-0 11. Bh6 Ne8 12. Rad1 Bd7 13. f4 Nc6 14. Nxc6 Bxc6 15. f5 Kh8 16. Be3 b4 17. Ne2 e5 18. Qf3 Nf6 19. Ng3 a5 20. Rf2 a4 21. Bd5 Bxd5 22. exd5 Qc4 23. a3 bxa3 24. bxa3 h6 25. Nh5 Rac8 26. Nxf6 Bxf6 27. Qh5 Kh7 28. Qe2 Qa2 29. Bc1 Rc5 30. Qg4 Rxc2 31. Rfd2 Rfc8 32. Rxc2 Qxc2 33. Qh5 Kg8 34. Qf3 Rc3 0-1

[Event "IECG CA.2004.0.00113 email"]
[Site "IECG email"]
[Date "2004.01.02"]
[Round "?"]
[White "Heineman, Carl M"]
[Black "Zhitnikov, Andrew"]
[Result "1-0"]
[WhiteElo "2014"]
[BlackElo "2055"]
[PlyCount "73"]
[EventDate "2004.01.02"]
[EventType "tourn (corr)"]
[EventRounds "6"]
[SourceTitle "Corr 2008"]
[Source "ChessBase"]
[SourceDate "2008.06.24"]
[SourceVersion "1"]
[SourceVersionDate "2008.06.24"]
[SourceQuality "1"]

1. c4 Nf6 2. g3 g6 3. Bg2 Bg7 4. Nc3 d6 5. d4 0-0 6. Nf3 Nbd7 7. 0-0 e5 8. e4 c6 9. b3 Re8 10. h3 a5 11. Be3 exd4 12. Nxd4 Nc5 13. Qc2 Qe7 14. Rae1 Nfd7 15. Re2 h5 16. Rd1 Nf8 17. Red2 h4 18. g4 Nh7 19. Nde2 Ng5 20. f3 Be5 21. f4 Bxc3 22. Nxc3 Ngxe4 23. Rxd6 Kh7 24. f5 Qe5 25. Nxe4 Nxe4 26. fxg6+ fxg6 27. Rd8 Qg3 28. R8d3 Bxg4 29. hxg4 h3 30. Rd7+ Kg8 31. Bd4 c5 32. Rg7+ Kh8 33. Rxg6+ cxd4 34. Rh6+ Kg7 35. Rxh3 Qe5 36. Qd3 Ng5 37. Rh5 1-0

[Event "IECG CP.2001.Q.00010 email"]
[Site "IECG email"]
[Date "2002.10.01"]
[Round "?"]
[White "Zhitnikov, Andrew"]
[Black "Baier, Guenter"]
[Result "1/2-1/2"]
[WhiteElo "2116"]
[BlackElo "2329"]
[PlyCount "78"]
[EventDate "2002.10.01"]
[EventType "tourn (corr)"]
[EventRounds "6"]
[EventCountry "GER"]
[SourceTitle "Corr 2008"]
[Source "ChessBase"]
[SourceDate "2008.06.24"]
[SourceVersion "1"]
[SourceVersionDate "2008.06.24"]
[SourceQuality "1"]

1. e4 e6 2. d4 d5 3. Nc3 Bb4 4. e5 c5 5. a3 Bxc3+ 6. bxc3 Qa5 7. Bd2 Qa4 8. Qg4 g6 9. Qd1 b6 10. Bd3 Ba6 11. dxc5 bxc5 12. f4 Nd7 13. Nf3 Ne7 14. 0-0 Rb8 15. Qe1 Nf5 16. g4 Ne7 17. Qh4 h5 18. h3 Bxd3 19. cxd3 Rb3 20. Ng5 Qa6 21. Rf3 Rxa3 22. Rxa3 Qxa3 23. f5 gxf5 24. gxf5 Nxf5 25. Rxf5 exf5 26. e6 fxe6 27. Nxe6 Rg8+ 28. Kf2 Kf7 29. Nd8+ Rxd8 30. Qxd8 Qa4 31. Bg5 Qc6 32. Qe7+ Kg6 33. Be3 Nf6 34. Bxc5 a5 35. Bd4 Qa6 36. Qd8 a4 37. Bxf6 Qxf6 38. Qe8+ Kg5 39. Qxa4 Qxc3 1/2-1/2

[Event "IECG CM.2002.0.00179 email"]
[Site "IECG email"]
[Date "2002.04.16"]
[Round "?"]
[White "Zhitnikov, Andrew"]
[Black "Aberbach Peltzman, Angel Sergio"]
[Result "0-1"]
[WhiteElo "2101"]
[BlackElo "2232"]
[PlyCount "26"]
[EventDate "2002.04.16"]
[EventType "tourn (corr)"]
[EventRounds "6"]
[SourceTitle "Corr 2008"]
[Source "ChessBase"]
[SourceDate "2008.06.24"]
[SourceVersion "1"]
[SourceVersionDate "2008.06.24"]
[SourceQuality "1"]

1. e4 c5 2. Nf3 d6 3. d4 cxd4 4. Nxd4 Nf6 5. Nc3 e6 6. Bc4 a6 7. Bb3 b5 8. f4 Bb7 9. 0-0 b4 10. e5 Nfd7 11. f5 bxc3 12. fxe6 fxe6 13. exd6 Qb6 0-1

[Event "IECG CM.2002.0.00179 email"]
[Site "IECG email"]
[Date "2002.04.16"]
[Round "?"]
[White "Zhitnikov, Andrew"]
[Black "Molander, Riku"]
[Result "0-1"]
[WhiteElo "2101"]
[BlackElo "2310"]
[PlyCount "66"]
[EventDate "2002.04.16"]
[EventType "tourn (corr)"]
[EventRounds "6"]
[SourceTitle "Corr 2008"]
[Source "ChessBase"]
[SourceDate "2008.06.24"]
[SourceVersion "1"]
[SourceVersionDate "2008.06.24"]
[SourceQuality "1"]

1. e4 c5 2. Nf3 d6 3. d4 cxd4 4. Nxd4 Nf6 5. Nc3 g6 6. Be3 Bg7 7. f3 0-0 8. Qd2 Nc6 9. g4 Be6 10. 0-0-0 Nxd4 11. Bxd4 Qa5 12. a3 Rab8 13. h4 Rfc8 14. h5 b5 15. h6 Bf8 16. g5 b4 17. Nb1 Nd7 18. axb4 Rxb4 19. Na3 Nb6 20. Re1 Na4 21. Re3 Ba2 22. e5 e6 23. Rh4 d5 24. Kd1 Qd8 25. b3 Nb2+ 26. Ke1 Qxg5 27. Rg4 Rxd4 28. Qxd4 Qxh6 29. Rh4 Bc5 30. Rxh6 Bxd4 31. Re2 Bc3+ 32. Kf2 Rc5 33. Re1 a6 0-1